| 000 | 00628 a2200193 4500 | ||
|---|---|---|---|
| 010 | _aENG-85130 | ||
| 020 |
_a8176489816 _c995.00 |
||
| 035 | _aEN-68663 | ||
| 037 | _bD.B.Act / Pub | ||
| 082 | 1 | 4 | _a631 |
| 090 |
_c1445 _d1445 |
||
| 245 | 1 |
_aPlant biotechnology _cedited by N. Jayabalan |
|
| 260 |
_aNew Delhi _bAPH Publishing Corporatioon _c2006 |
||
| 270 |
_a5, Ansari Road, Darya Ganj _bNew Delhi _e110 002 _maphbooks@vsnl.net _k011 23274050 |
||
| 300 |
_axvi, 370p. _b22cm. (Hb) |
||
| 710 | _a. | ||
| 942 |
_adpl _cEN _k631 / PLA |
||
| 999 |
_c1430 _d1430 |
||